| 000 | 00720nam a2200217 i 4500 | ||
|---|---|---|---|
| 001 | 102593 | ||
| 003 | ES-MaACL | ||
| 005 | 20240419153316.0 | ||
| 007 | t| | ||
| 008 | 051117s1971 sp |||| | spa d | ||
| 100 | 1 |
_aMerleau-Ponty, Jacques. _980570 |
|
| 245 | 1 | 0 |
_aCosmología del siglo XX / _cJacques Merleau-Ponty ; versión de Jacinto Luis Guereña. |
| 260 |
_aMadrid : _bGredos, _c1971. |
||
| 300 |
_a660 p. ; _c20 cm. |
||
| 490 | 1 |
_aBiblioteca hispánica de filosofía ; _v71 |
|
| 650 | 0 | 4 |
_aCosmología. _911389 |
| 700 | 0 |
_aGuereña, Jacinto Luis, _d1915-2007 _960460 |
|
| 830 | 0 |
_aBiblioteca hispánica de filosofía ; _v71 _9181000 |
|
| 852 |
_aES-MaACL _jC-39226 |
||
| 999 |
_c102593 _d102593 |
||